Statistiques concernant Classement perpétuel de la Ligue des Champions

Cliquez ici pour prendre le quiz!

Statistiques générales

  • Ce quiz a été pris 669 fois
  • Le résultat moyen est 16 sur 20

Statistiques - réponses

RangÉquipe% Correct
1Réal Madrid
100%
3FC Barcelone
99%
2Bayern Munich
97%
4Manchester United
97%
16Paris Saint-Germain
94%
6AC Milan
93%
7Liverpool
93%
12Inter Milan
92%
5Juventus
92%
18Manchester City
92%
15Borussia Dortmund
88%
10Chelsea
88%
13Arsenal
83%
14Atletico Madrid
81%
11Ajax Amsterdam
79%
9Porto
77%
8SL Benfica
74%
19Olympique Lyonnais
57%
20Celtic
32%
17Dinamo Kiev
9%

Distribution des résultats

Percentile par nombre de réponses

% des personnes avec chaque résultat

Votre développement - résultats

Vous n’avez pas pris ce quiz